[Event "GER-ch 92nd"]
[Site "Magdeburg"]
[Date "2021.07.26"]
[Round "2"]
[White "Wachinger, Nikolas"]
[Black "Schulz, Karsten"]
[Result "1/2-1/2"]
[WhiteElo "2355"]
[BlackElo "2302"]
[PlyCount "153"]
[EventDate "2021.07.25"]
[EventType "swiss"]
[EventRounds "9"]
[EventCountry "GER"]
[SourceTitle "CBM 203 Extra"]
[Source "ChessBase"]
[SourceDate "2021.09.30"]
[SourceVersion "1"]
[SourceVersionDate "2021.09.30"]
[SourceQuality "1"]

1. d4 g6 2. c4 Bg7 3. e4 d6 4. Nc3 e5 5. Nge2 Ne7 6. Be3 Nd7 7. Qd2 f5 8. f3 fxe4 9. Nxe4 Nf6 10. N2c3 exd4 11. Bxd4 Nf5 12. Bxf6 Bxf6 13. Nxf6+ Qxf6 14. Nd5 Qe5+ 15. Kf2 0-0 16. Re1 Qg7 17. Qc3 Qxc3 18. Nxc3 Bd7 19. Bd3 Bc6 20. Nb5 Rf7 21. c5 a6 22. Bxf5 gxf5 23. Nd4 dxc5 24. Nxc6 bxc6 25. Re5 Rd8 26. Rc1 Rd2+ 27. Re2 Rxe2+ 28. Kxe2 Re7+ 29. Kd3 Rd7+ 30. Ke3 Re7+ 31. Kd2 Rd7+ 32. Ke2 Re7+ 33. Kf1 Re5 34. Rc4 Kf7 35. Ra4 Ke6 36. Rxa6 Kd6 37. Ra4 Kd5 38. b3 Re3 39. Rc4 Re8 40. Kf2 Ra8 41. Rc2 f4 42. Rd2+ Ke5 43. Ke2 c4 44. bxc4 Ra3 45. g4 fxg3 46. hxg3 Rc3 47. Rd7 Rxc4 48. Rxh7 Rc2+ 49. Kd3 Rxa2 50. Rh5+ Kd6 51. g4 Ra3+ 52. Ke4 c5 53. Rd5+ Kc6 54. Rd1 c4 55. g5 c3 56. g6 Kc5 57. g7 Ra8 58. Kf5 Kc4 59. f4 c2 60. Rh1 Kc3 61. Kg6 Rd8 62. Rc1 Rd1 63. g8Q Rxc1 64. Qh8+ Kd3 65. Qh3+ Kd2 66. Qg2+ Kd3 67. Qd5+ Ke3 68. Kf5 Rb1 69. Qe4+ Kd2 70. Qg2+ Kd3 71. Qf3+ Kd2 72. Qd5+ Ke3 73. Qc5+ Kd3 74. Qa3+ Kd4 75. Qa4+ Kd3 76. Qe4+ Kd2 77. Qd4+ 1/2-1/2

[Event "GER-ch 92nd"]
[Site "Magdeburg"]
[Date "2021.07.25"]
[Round "1"]
[White "Schulz, Karsten"]
[Black "Muckle, Julius"]
[Result "1-0"]
[WhiteElo "2302"]
[BlackElo "2423"]
[PlyCount "99"]
[EventDate "2021.07.25"]
[EventType "swiss"]
[EventRounds "9"]
[EventCountry "GER"]
[SourceTitle "CBM 203 Extra"]
[Source "ChessBase"]
[SourceDate "2021.09.30"]
[SourceVersion "1"]
[SourceVersionDate "2021.09.30"]
[SourceQuality "1"]

1. Nf3 d5 2. g3 Nf6 3. Bg2 c6 4. 0-0 Bf5 5. d3 e6 6. c4 Nbd7 7. cxd5 exd5 8. Nc3 Be7 9. e4 dxe4 10. dxe4 Nxe4 11. Nd4 Nxc3 12. bxc3 Bg6 13. Re1 0-0 14. Bxc6 Qc8 15. Rxe7 bxc6 16. Qf3 c5 17. Nc6 Nf6 18. Re5 Kh8 19. Ne7 Qh3 20. Nxg6+ fxg6 21. Qg2 Qd7 22. Be3 c4 23. Bd4 Rae8 24. Ra5 h5 25. Rxa7 Qe6 26. h3 Re7 27. Rxe7 Qxe7 28. h4 Ne8 29. Qc6 Kh7 30. Qxc4 Rf5 31. a4 Nd6 32. Qd3 Qc7 33. Re1 Qd7 34. Be5 Qa7 35. Qd4 Qxd4 36. cxd4 Nc4 37. Ra1 Nxe5 38. dxe5 Rxe5 39. a5 Re8 40. a6 Kg8 41. a7 Ra8 42. Kg2 Kf7 43. Kf3 g5 44. hxg5 Kg6 45. Ra5 h4 46. gxh4 Kh5 47. Kg3 g6 48. Kf4 Kxh4 49. Ke4 Kg4 50. Kd5 1-0

[Event "Mecklenburg VP-ch MT"]
[Site "Greifswald"]
[Date "2021.06.27"]
[Round "7"]
[White "Schulz, Karsten"]
[Black "Bartel, Jethro Aldrich"]
[Result "1-0"]
[WhiteElo "2294"]
[BlackElo "1530"]
[PlyCount "53"]
[EventDate "2021.06.24"]
[EventType "swiss"]
[EventRounds "7"]
[EventCountry "GER"]
[SourceTitle "EXT 2022"]
[Source "ChessBase"]
[SourceDate "2021.10.06"]
[SourceVersion "1"]
[SourceVersionDate "2021.10.06"]
[SourceQuality "1"]

1. Nf3 Nf6 2. c4 c5 3. Nc3 Nc6 4. g3 g6 5. Bg2 Bg7 6. d4 cxd4 7. Nxd4 0-0 8. 0-0 Rb8 9. c5 Nxd4 10. Qxd4 b6 11. c6 dxc6 12. Qxd8 Rxd8 13. Bf4 e5 14. Bxe5 Rb7 15. Bxc6 Re7 16. Rfd1 Bd7 17. Bxf6 Bxf6 18. Nd5 Bxc6 19. Nxf6+ Kg7 20. Rxd8 Kxf6 21. Rd6+ Re6 22. Rxe6+ Kxe6 23. f3 h5 24. Kf2 Kd6 25. e4 Bd7 26. Ke3 Kc5 27. Rc1+ 1-0

[Event "Mecklenburg VP-ch MT"]
[Site "Greifswald"]
[Date "2021.06.25"]
[Round "3"]
[White "Schulz, Karsten"]
[Black "Scharf, Christian"]
[Result "1-0"]
[WhiteElo "2294"]
[BlackElo "1050"]
[PlyCount "49"]
[EventDate "2021.06.24"]
[EventType "swiss"]
[EventRounds "7"]
[EventCountry "GER"]
[SourceTitle "EXT 2022"]
[Source "ChessBase"]
[SourceDate "2021.10.06"]
[SourceVersion "1"]
[SourceVersionDate "2021.10.06"]
[SourceQuality "1"]

1. Nf3 d5 2. c4 e6 3. g3 Nf6 4. Bg2 Be7 5. 0-0 0-0 6. b3 b6 7. Bb2 c5 8. e3 Nc6 9. Nc3 Ba6 10. Qe2 Rc8 11. d3 Qd7 12. Rfd1 Rfd8 13. Rac1 Qb7 14. Ng5 h6 15. Nh3 d4 16. Nb5 e5 17. f4 exf4 18. Nxf4 dxe3 19. Qxe3 Re8 20. Re1 Qb8 21. Qf3 Bb7 22. Rxe7 Rxe7 23. Bxf6 gxf6 24. Nd5 Re5 25. Nxf6+ 1-0

[Event "GER-ch Net blitz sf"]
[Site "Playchess.com INT"]
[Date "2021.06.05"]
[Round "13"]
[White "Wagner, Dennis"]
[Black "Schulz, Karsten"]
[Result "1-0"]
[WhiteElo "2506"]
[BlackElo "2181"]
[PlyCount "55"]
[EventDate "2021.06.05"]
[EventType "swiss (blitz)"]
[EventRounds "13"]
[EventCountry "GER"]
[SourceTitle "EXT 2023"]
[Source "ChessBase"]
[SourceDate "2022.10.05"]
[SourceVersion "1"]
[SourceVersionDate "2022.10.05"]
[SourceQuality "1"]

1. e4 g6 2. d4 Bg7 3. Nc3 d6 4. Be3 a6 5. Qd2 Nd7 6. 0-0-0 b5 7. Kb1 Bb7 8. f3 Rc8 9. h4 h5 10. Nh3 c5 11. Ng5 cxd4 12. Bxd4 Ngf6 13. Bd3 Qc7 14. Rhe1 0-0 15. g4 e5 16. Bg1 b4 17. Nd5 Bxd5 18. exd5 Nxd5 19. gxh5 Nc3+ 20. Ka1 Qa5 21. bxc3 bxc3 22. Qc1 Rb8 23. Bc4 Nc5 24. hxg6 Rb2 25. gxf7+ Kh8 26. Rxd6 e4 27. Ne6 Qa4 28. Bd4 1-0

[Event "GER-ch Net blitz sf"]
[Site "Playchess.com INT"]
[Date "2021.06.05"]
[Round "2"]
[White "Yankelevich, Lev"]
[Black "Schulz, Karsten"]
[Result "1/2-1/2"]
[WhiteElo "2119"]
[BlackElo "2181"]
[PlyCount "137"]
[EventDate "2021.06.05"]
[EventType "swiss (blitz)"]
[EventRounds "13"]
[EventCountry "GER"]
[SourceTitle "EXT 2023"]
[Source "ChessBase"]
[SourceDate "2022.10.05"]
[SourceVersion "1"]
[SourceVersionDate "2022.10.05"]
[SourceQuality "1"]

1. d4 g6 2. e4 Bg7 3. Nc3 d6 4. Be3 a6 5. Nf3 Nf6 6. Bd3 Nc6 7. d5 Ne5 8. Nxe5 dxe5 9. Qd2 e6 10. dxe6 Bxe6 11. Bh6 0-0 12. Bxg7 Kxg7 13. Qg5 Nd7 14. Qg3 Qe7 15. 0-0-0 b5 16. Kb1 c6 17. h4 h5 18. Ne2 Rad8 19. Nc1 Qf6 20. Be2 Nc5 21. f3 a5 22. Nd3 Nxd3 23. Rxd3 Bc4 24. Rxd8 Rxd8 25. Bxc4 bxc4 26. Qe1 Qf4 27. Qc3 Qxh4 28. Qxe5+ Kg8 29. Rc1 Qf2 30. g4 Qxf3 31. Qxa5 Rd1 32. gxh5 Rxc1+ 33. Kxc1 Qxe4 34. hxg6 fxg6 35. b3 cxb3 36. axb3 Qe3+ 37. Kb2 Qd4+ 38. Ka2 Qe4 39. Qc5 Kf7 40. Qc3 Ke6 41. Qd2 Qd5 42. Qe2+ Kd7 43. Qg4+ Qe6 44. Qd4+ Kc7 45. Qa7+ Kc8 46. Qg7 Kb8 47. Ka3 Ka8 48. Ka4 Qe4+ 49. c4 Qe6 50. Ka5 Qd6 51. Kb6 c5+ 52. Kb5 Kb8 53. Qf7 Ka8 54. b4 cxb4 55. c5 Qb8+ 56. Kc4 b3 57. c6 b2 58. c7 Qxc7+ 59. Qxc7 b1Q 60. Qc8+ Ka7 61. Qc7+ Ka6 62. Qc8+ Ka7 63. Qc7+ Ka6 64. Qc8+ Qb7 65. Qxb7+ Kxb7 66. Kd5 g5 67. Ke5 g4 68. Kf4 g3 69. Kxg3 1/2-1/2

[Event "GER-ch Net blitz sf"]
[Site "Playchess.com INT"]
[Date "2021.06.05"]
[Round "7"]
[White "Zwahr, Paul"]
[Black "Schulz, Karsten"]
[Result "0-1"]
[WhiteElo "2361"]
[BlackElo "2181"]
[PlyCount "68"]
[EventDate "2021.06.05"]
[EventType "swiss (blitz)"]
[EventRounds "13"]
[EventCountry "GER"]
[SourceTitle "EXT 2023"]
[Source "ChessBase"]
[SourceDate "2022.10.05"]
[SourceVersion "1"]
[SourceVersionDate "2022.10.05"]
[SourceQuality "1"]

1. e4 g6 2. d4 Bg7 3. Nf3 d6 4. Bc4 Nf6 5. Qe2 0-0 6. e5 Ne8 7. h3 c5 8. dxc5 Qa5+ 9. Nc3 Qxc5 10. Be3 Qa5 11. Bd2 dxe5 12. Nd5 Qd8 13. Nxe5 Nd6 14. Bb3 Be6 15. 0-0-0 Nc6 16. Bc3 Na5 17. Bxa5 Qxa5 18. Nxe7+ Kh8 19. Nd5 Rfe8 20. Kb1 Rad8 21. f4 f6 22. Nc4 Nxc4 23. Qxc4 Bxd5 24. Rxd5 Rxd5 25. Qxd5 Re1+ 26. Qd1 Rxd1+ 27. Rxd1 h5 28. Bf7 Kh7 29. g4 Qc7 30. Be8 Qxf4 31. gxh5 gxh5 32. Bxh5 Qe5 33. Bg4 f5 34. Bf3 Qxb2# 0-1

[Event "GER-ch Net blitz qual4"]
[Site "Playchess.com INT"]
[Date "2021.05.10"]
[Round "11"]
[White "Koch, Yannick"]
[Black "Schulz, Karsten"]
[Result "0-1"]
[WhiteElo "1422"]
[BlackElo "2253"]
[PlyCount "54"]
[EventDate "2021.05.10"]
[EventType "swiss (blitz)"]
[EventRounds "11"]
[EventCountry "GER"]
[SourceTitle "CBM 202 Extra"]
[Source "ChessBase"]
[SourceDate "2021.07.31"]
[SourceVersion "1"]
[SourceVersionDate "2021.07.31"]
[SourceQuality "1"]

1. d4 Nf6 2. c4 c5 3. d5 b5 4. cxb5 a6 5. b6 Qxb6 6. Nc3 g6 7. Nf3 Bg7 8. Nd2 d6 9. Nc4 Qc7 10. e4 0-0 11. Be2 a5 12. 0-0 a4 13. Bf4 a3 14. Nxa3 Nbd7 15. Nc4 Ba6 16. Ne3 Rfb8 17. Qd2 Qa5 18. Rfb1 Ne8 19. Nc4 Bxc4 20. Bxc4 Nc7 21. a4 Qb4 22. Qd3 Ne5 23. Bxe5 Bxe5 24. Nb5 Nxb5 25. Bxb5 Bd4 26. Ra2 Rxb5 27. axb5 Rxa2 0-1

[Event "GER-ch Net blitz qual4"]
[Site "Playchess.com INT"]
[Date "2021.05.10"]
[Round "9"]
[White "Kurley, Roman"]
[Black "Schulz, Karsten"]
[Result "1-0"]
[WhiteElo "1961"]
[BlackElo "2253"]
[PlyCount "141"]
[EventDate "2021.05.10"]
[EventType "swiss (blitz)"]
[EventRounds "11"]
[EventCountry "GER"]
[SourceTitle "CBM 202 Extra"]
[Source "ChessBase"]
[SourceDate "2021.07.31"]
[SourceVersion "1"]
[SourceVersionDate "2021.07.31"]
[SourceQuality "1"]

1. f4 g6 2. Nf3 Bg7 3. e4 d5 4. e5 c5 5. c3 Nc6 6. d4 cxd4 7. Nxd4 Nxd4 8. Qxd4 e6 9. Na3 Ne7 10. Bd3 0-0 11. 0-0 Nc6 12. Qf2 a6 13. Be3 f6 14. exf6 Bxf6 15. Nc2 Bg7 16. Bb6 Qe8 17. Qg3 Bd7 18. Rae1 Qf7 19. h4 Ne7 20. Bc5 Rfc8 21. Bxe7 Qxe7 22. h5 gxh5 23. Nd4 Qf6 24. Nf3 Bb5 25. Ng5 Bxd3 26. Qxd3 Qf5 27. Qxf5 exf5 28. Re7 b5 29. Rfe1 Bf6 30. Rd7 Rd8 31. Rxd8+ Rxd8 32. Nf3 d4 33. cxd4 Bxd4+ 34. Nxd4 Rxd4 35. Re6 Rd1+ 36. Kh2 Rd2 37. Rxa6 Rxb2 38. Kh3 Rf2 39. Kg3 Rd2 40. Ra5 Rb2 41. Ra7 h6 42. Kh3 Kf8 43. Kg3 Ke8 44. Kf3 Kd8 45. Rf7 Rxa2 46. Rxf5 Rb2 47. Rxh5 Kc7 48. Rxh6 b4 49. g4 b3 50. Rh1 Kd6 51. g5 Ke6 52. Re1+ Kf5 53. Re5+ Kg6 54. Re6+ Kf7 55. Rf6+ Kg7 56. Rb6 Rb1 57. f5 b2 58. Rb7+ Kf8 59. Kg2 Kg8 60. f6 Rd1 61. g6 Rd8 62. Rxb2 Rc8 63. Kg3 Rd8 64. Kf4 Kh8 65. Ke5 Kg8 66. Ke6 Ra8 67. Rd2 Ra6+ 68. Rd6 Ra8 69. Ke7 Ra7+ 70. Rd7 Ra8 71. Rd8+ 1-0

[Event "GER-ch Net blitz qual4"]
[Site "Playchess.com INT"]
[Date "2021.05.10"]
[Round "5"]
[White "Schulz, Karsten"]
[Black "Di Capua, Francesco Stefano"]
[Result "0-1"]
[WhiteElo "2253"]
[BlackElo "2034"]
[PlyCount "92"]
[EventDate "2021.05.10"]
[EventType "swiss (blitz)"]
[EventRounds "11"]
[EventCountry "GER"]
[SourceTitle "CBM 202 Extra"]
[Source "ChessBase"]
[SourceDate "2021.07.31"]
[SourceVersion "1"]
[SourceVersionDate "2021.07.31"]
[SourceQuality "1"]

1. Nf3 Nf6 2. c4 e6 3. g3 d5 4. Bg2 Be7 5. 0-0 0-0 6. b3 c6 7. Bb2 Nbd7 8. Qc2 b6 9. d4 c5 10. Ne5 Bb7 11. Rd1 cxd4 12. Bxd4 Qc8 13. Qb2 Nxe5 14. Bxe5 dxc4 15. Bxb7 Qxb7 16. bxc4 Qe4 17. Nd2 Qxe2 18. Re1 Qh5 19. f3 Rad8 20. Rad1 Rd3 21. Kg2 Rfd8 22. Qc2 Qf5 23. Bf4 Nh5 24. Be3 Bb4 25. Re2 Rxe3 26. Ne4 Rxe2+ 27. Qxe2 Rxd1 28. Qxd1 Nf6 29. Qd8+ Bf8 30. Nf2 g5 31. Qa8 g4 32. f4 h5 33. Qxa7 Ne4 34. Qxb6 Nxf2 35. Qxf2 Qe4+ 36. Kf1 Qxc4+ 37. Kg2 Bc5 38. Qd2 Qe4+ 39. Kf1 Qh1+ 40. Ke2 Qxh2+ 41. Kd1 Qxd2+ 42. Kxd2 Bf2 43. Ke2 Bxg3 44. Ke3 Be1 45. a4 h4 46. Ke2 Ba5 0-1

[Event "GER-ch Net blitz qual4"]
[Site "Playchess.com INT"]
[Date "2021.05.10"]
[Round "2"]
[White "Schulz, Karsten"]
[Black "Schwierskott, Marc"]
[Result "0-1"]
[WhiteElo "2253"]
[BlackElo "1961"]
[PlyCount "120"]
[EventDate "2021.05.10"]
[EventType "swiss (blitz)"]
[EventRounds "11"]
[EventCountry "GER"]
[SourceTitle "CBM 202 Extra"]
[Source "ChessBase"]
[SourceDate "2021.07.31"]
[SourceVersion "1"]
[SourceVersionDate "2021.07.31"]
[SourceQuality "1"]

1. Nf3 g6 2. d4 Bg7 3. g3 d6 4. Bg2 Nd7 5. 0-0 e5 6. dxe5 dxe5 7. e4 Ngf6 8. Nbd2 0-0 9. b3 Re8 10. Bb2 c6 11. Re1 Qc7 12. Nc4 b6 13. Qd6 Qxd6 14. Nxd6 Re6 15. Nxc8 Rxc8 16. Rad1 Rce8 17. Ba3 c5 18. Bf1 Nb8 19. Ng5 R6e7 20. Bb5 Rc8 21. Bc4 h6 22. Nf3 Nc6 23. c3 Ne8 24. Bc1 Nc7 25. h4 Rd8 26. Rxd8+ Nxd8 27. Rd1 Nc6 28. Rd6 Na5 29. Rd8+ Re8 30. Rxe8+ Nxe8 31. Be2 Kf8 32. Nd2 Nd6 33. Kg2 Ke7 34. Nf1 Nc6 35. Kf3 f5 36. exf5 gxf5 37. Ne3 Ke6 38. Nc4 Nxc4 39. Bxc4+ Kd6 40. Bg8 Ne7 41. Bf7 Nd5 42. Bxd5 Kxd5 43. Be3 e4+ 44. Kf4 Bxc3 45. Kxf5 Bd4 46. Kg6 b5 47. Bc1 Bxf2 48. Kxh6 Bxg3 49. Kg5 Bf2 50. h5 e3 51. h6 e2 52. Bd2 e1Q 53. Bxe1 Bxe1 54. h7 Bc3 55. Kf4 Bh8 56. Ke3 c4 57. bxc4+ Kxc4 58. Kd2 Kb4 59. Kc2 Ka3 60. Kb1 b4 0-1